000 00832cab a2200241 4500
001 ##L132463
008 060210n2006 000 0 eng u
035 _a(Sirsi) u132463
041 0 _aeng
100 1 _aMcAllister, Sean
245 0 0 _aBerkshire
_bregional
260 _c2006
490 0 _aProperty Week
_v71(5) 20 January 2006, 77-96(13)
520 _aLooks at the location of Crossrail's west terminus in Maidenhead; office space, hotel development and image of Reading; Slough's retailers and their battle with Tesco; and Mapley's investment in the Microsoft campus in Thames Valley.
590 _aIKA140206
650 2 4 _aMAIDENHEAD
650 2 4 _aREADING
650 2 4 _aSLOUGH
650 2 4 _aTHAMES VALLEY
650 2 4 _aBERKSHIRE
690 _aPROPERTY-COMMERCIAL PROPERTY-COMMERCIAL PROPERTY MARKET
942 _n0
999 _c76459
_d76459